Thiết kế tối ưu
Cuốn sách "Thiết kế tối ưu" được biên soạn nhằm giới thiệu với các kỹ sư và bạn đọc những kiến thức cơ bản và thực dụng về các phương pháp thiết kế tối ưu các kỹ thuật nói chung. Các bài toán thiết kế tối ưu, tìm nghiẹ...
Gorde:
| Egile nagusia: | |
|---|---|
| Formatua: | Liburua |
| Hizkuntza: | Undetermined |
| Argitaratua: |
Hà Nội
Xây dựng
2003
|
| Gaiak: | |
| Etiketak: |
Etiketa erantsi
Etiketarik gabe, Izan zaitez lehena erregistro honi etiketa jartzen!
|
| Thư viện lưu trữ: | Trung tâm Học liệu Trường Đại học Cần Thơ |
|---|
| LEADER | 01144nam a2200205Ia 4500 | ||
|---|---|---|---|
| 001 | CTU_59248 | ||
| 008 | 210402s9999 xx 000 0 und d | ||
| 020 | |c 28000 | ||
| 082 | |a 519.7 | ||
| 082 | |b Tr513 | ||
| 100 | |a Nguyễn, Viết Trung | ||
| 245 | 0 | |a Thiết kế tối ưu | |
| 245 | 0 | |c Nguyễn Viết Trung | |
| 260 | |a Hà Nội | ||
| 260 | |b Xây dựng | ||
| 260 | |c 2003 | ||
| 520 | |a Cuốn sách "Thiết kế tối ưu" được biên soạn nhằm giới thiệu với các kỹ sư và bạn đọc những kiến thức cơ bản và thực dụng về các phương pháp thiết kế tối ưu các kỹ thuật nói chung. Các bài toán thiết kế tối ưu, tìm nghiệm tối ưu tuyệt đối, phương pháp tối ưu một tham số, các phương pháp tất định để tìm hướng đi đến điểm tối ưu ... | ||
| 650 | |a Programming (mathematics),Mathematical optimization | ||
| 904 | |i Minh, Kiều Nguyên | ||
| 980 | |a Trung tâm Học liệu Trường Đại học Cần Thơ | ||